[Event "POL-chT 2nd League"]
[Site "Jastrzebia Gora"]
[Date "2016.09.05"]
[Round "3.33"]
[White "Sabuk, Piotr"]
[Black "Ciemniak, Krzysztof"]
[Result "1-0"]
[WhiteElo "2365"]
[BlackElo "2000"]
[PlyCount "105"]
[EventDate "2016.09.03"]
[EventType "team-swiss"]
[EventRounds "9"]
[EventCountry "POL"]
[SourceTitle "EXT 2017"]
[Source "ChessBase"]
[SourceDate "2016.10.25"]
[SourceVersion "1"]
[SourceVersionDate "2016.10.25"]
[SourceQuality "1"]
[WhiteTeam "Kopernik WKS"]
[BlackTeam "Bydgoszcz Wiartrak"]
[WhiteTeamCountry "POL"]
[BlackTeamCountry "POL"]

1. d4 Nf6 2. c4 e6 3. g3 d5 4. Nf3 Be7 5. Bg2 0-0 6. 0-0 c6 7. Qc2 Nbd7 8. Nbd2 b6 9. e4 dxe4 10. Nxe4 Nxe4 11. Qxe4 Bb7 12. Rd1 Nf6 13. Qc2 Qc8 14. c5 Rd8 15. Bg5 h6 16. Bxf6 Bxf6 17. Rac1 Qc7 18. Qc3 Qe7 19. b4 Rac8 20. Ne5 Bxe5 21. dxe5 bxc5 22. Qxc5 Qxc5 23. bxc5 Kf8 24. Rd6 Ke7 25. Rb1 Rc7 26. f4 Rdd7 27. Kf2 Kd8 28. Ke3 Ke7 29. h4 Rd8 30. h5 Rdc8 31. Bf1 Rg8 32. Bd3 Rd8 33. g4 Bc8 34. Rb3 Bd7 35. Bc4 Rh8 36. Bd3 Rg8 37. Bh7 Rf8 38. Kd4 g6 39. Rh3 Be8 40. f5 exf5 41. gxf5 gxf5 42. Bxf5 Rh8 43. e6 fxe6 44. Rxe6+ Kf8 45. Rb3 Re7 46. Rxe7 Kxe7 47. Ke5 Bxh5 48. Rb7+ Kf8 49. Rxa7 Rg8 50. a4 Rg2 51. a5 Ra2 52. Kf6 Rf2 53. a6 1-0

[Event "POL-chT 2nd League"]
[Site "Szczyrk"]
[Date "2014.09.10"]
[Round "5.95"]
[White "Czapla, Andrzej"]
[Black "Ciemniak, Krzysztof"]
[Result "1-0"]
[WhiteElo "1937"]
[BlackElo "1979"]
[PlyCount "93"]
[EventDate "2014.09.06"]
[EventType "team-swiss"]
[EventRounds "9"]
[EventCountry "POL"]
[SourceTitle "EXT 2015"]
[Source "ChessBase"]
[SourceDate "2014.11.20"]
[SourceVersion "1"]
[SourceVersionDate "2014.11.20"]
[SourceQuality "1"]
[WhiteTeam "Siedlce KSz Skoczek"]
[BlackTeam "Bydgoszcz Wiartrak"]
[WhiteTeamCountry "POL"]
[BlackTeamCountry "POL"]

1. Nf3 Nf6 2. c4 g6 3. g3 Bg7 4. Bg2 0-0 5. 0-0 d6 6. Nc3 Nc6 7. d3 a6 8. a3 Bd7 9. Qc2 Qc8 10. b4 b5 11. cxb5 axb5 12. Bb2 Rb8 13. Rac1 e5 14. Ne4 Nxe4 15. dxe4 Rb6 16. Nd2 Bh6 17. e3 Qa8 18. Nb1 Rc8 19. Nc3 Ne7 20. Qd2 Bf8 21. Nd5 Nxd5 22. exd5 f6 23. Rc2 c5 24. dxc6 Bxc6 25. Rfc1 Bxg2 26. Rxc8 Qf3 27. Qd1 Qe4 28. Qc2 Qf3 29. Qd1 Qe4 30. Qb3+ d5 31. Qc2 Rd6 32. Qxe4 Bxe4 33. f4 d4 34. fxe5 fxe5 35. exd4 exd4 36. Rf1 Bf5 37. Rxf8+ Kxf8 38. g4 Rd5 39. gxf5 gxf5 40. Rd1 d3 41. Kf2 Rd6 42. Ke3 Rh6 43. Rd2 Rh3+ 44. Kf4 Kf7 45. Kxf5 Re3 46. Kf4 Re2 47. Bc3 1-0

[Event "POL-chT3 Kujawsko Pomorskie 1314"]
[Site "Poland"]
[Date "2013.??.??"]
[Round "2.27"]
[White "Ciemniak, Krzysztof"]
[Black "Darowicki, Mariusz"]
[Result "1-0"]
[WhiteElo "1993"]
[BlackElo "1894"]
[PlyCount "61"]
[EventDate "2013.11.03"]
[EventType "team-tourn"]
[EventRounds "11"]
[EventCountry "POL"]
[SourceTitle "EXT 2015"]
[Source "ChessBase"]
[SourceDate "2014.11.20"]
[SourceVersion "1"]
[SourceVersionDate "2014.11.20"]
[SourceQuality "1"]
[WhiteTeam "Bydgoszcz Wiartrak"]
[BlackTeam "Swiecie Gambit"]
[WhiteTeamCountry "POL"]
[BlackTeamCountry "POL"]

1. e4 e6 2. d4 d5 3. Nc3 Bb4 4. Bd2 Bxc3 5. Bxc3 dxe4 6. Qg4 Nf6 7. Qxg7 Rg8 8. Qh6 Rg6 9. Qe3 Nc6 10. Ne2 Ne7 11. Nf4 Ned5 12. Nxd5 exd5 13. 0-0-0 Be6 14. f3 exf3 15. gxf3 Qd6 16. Bd3 Rg2 17. Qh6 Ng8 18. Qh4 Ne7 19. a3 a5 20. Rdg1 Rxg1+ 21. Rxg1 0-0-0 22. Bxa5 Ng6 23. Qg3 Nf4 24. Bf1 b6 25. Bb4 c5 26. dxc5 bxc5 27. Bd2 Ng6 28. f4 d4 29. Qf3 Bd5 30. Qd3 Nxf4 31. Qa6+ 1-0

[Event "POL-chT3 Kujawsko Pomorskie 1314"]
[Site "Poland"]
[Date "2013.??.??"]
[Round "3.2"]
[White "Lewandowski, Krzysztof"]
[Black "Ciemniak, Krzysztof"]
[Result "0-1"]
[WhiteElo "2113"]
[BlackElo "1993"]
[PlyCount "50"]
[EventDate "2013.11.03"]
[EventType "team-tourn"]
[EventRounds "11"]
[EventCountry "POL"]
[SourceTitle "EXT 2015"]
[Source "ChessBase"]
[SourceDate "2014.11.20"]
[SourceVersion "1"]
[SourceVersionDate "2014.11.20"]
[SourceQuality "1"]
[WhiteTeam "Bydgoszcz SSz Pocztowiec"]
[BlackTeam "Bydgoszcz Wiartrak"]
[WhiteTeamCountry "POL"]
[BlackTeamCountry "POL"]

1. d4 Nf6 2. c4 e6 3. Nf3 d5 4. Nc3 Bb4 5. e3 0-0 6. Bd3 Nbd7 7. 0-0 b6 8. cxd5 exd5 9. Qb3 Bxc3 10. Qxc3 c5 11. b3 Bb7 12. Bb2 Rc8 13. Rac1 c4 14. Bf5 Ba6 15. Rfe1 g6 16. Bh3 Re8 17. bxc4 Bxc4 18. Ne5 Ne4 19. Qa3 Nxe5 20. dxe5 Rc5 21. Red1 Qh4 22. Bd7 Qxf2+ 23. Kh1 Ra5 24. Rxc4 Rxa3 25. Rxe4 Qxb2 0-1

[Event "POL-chT3 Kujawsko Pomorskie 1314"]
[Site "Poland"]
[Date "2013.??.??"]
[Round "4.27"]
[White "Moszczynski, Michal"]
[Black "Ciemniak, Krzysztof"]
[Result "0-1"]
[WhiteElo "1474"]
[BlackElo "1993"]
[PlyCount "110"]
[EventDate "2013.11.03"]
[EventType "team-tourn"]
[EventRounds "11"]
[EventCountry "POL"]
[SourceTitle "EXT 2015"]
[Source "ChessBase"]
[SourceDate "2014.11.20"]
[SourceVersion "1"]
[SourceVersionDate "2014.11.20"]
[SourceQuality "1"]
[WhiteTeam "Grudziadz Rotmistrz III"]
[BlackTeam "Bydgoszcz Wiartrak"]
[WhiteTeamCountry "POL"]
[BlackTeamCountry "POL"]

1. e4 e5 2. Nf3 Nc6 3. d4 exd4 4. Bc4 Nf6 5. 0-0 Nxe4 6. Re1 d5 7. Bxd5 Qxd5 8. Nc3 Qa5 9. Nxe4 Be6 10. Neg5 0-0-0 11. Nxe6 fxe6 12. Rxe6 Bd6 13. Bg5 Rde8 14. Qe2 Ne5 15. Rxe8+ Rxe8 16. Qd2 Nxf3+ 17. gxf3 Qe5 18. f4 Qe4 19. Qd3 h6 20. Qxe4 Rxe4 21. Bh4 Bxf4 22. Bg3 Bxg3 23. hxg3 Re2 24. Rc1 d3 25. cxd3 Rxb2 26. a3 Rb3 27. a4 Rxd3 28. Rc4 b6 29. Kf1 c5 30. Ke2 Rb3 31. a5 Rb4 32. Rc2 Kb7 33. Kd3 Rd4+ 34. Ke3 Kc6 35. axb6 axb6 36. Rb2 b5 37. Rc2 Rd7 38. Rc1 c4 39. Rc2 Kc5 40. Rc1 b4 41. Ra1 c3 42. Ra5+ Kc4 43. Ra8 Re7+ 44. Kf4 b3 45. Rc8+ Kd3 46. Rd8+ Kc2 47. Rb8 b2 48. Kf5 b1Q 49. Rxb1 Kxb1 50. Kg6 c2 51. Kh7 c1Q 52. f4 Qc2+ 53. f5 Qxf5+ 54. Kg8 Qg6 55. Kf8 Re8# 0-1

[Event "POL-chT3 Kujawsko Pomorskie 1213"]
[Site "Poland"]
[Date "2012.12.09"]
[Round "4.27"]
[White "Zebracki, Tomasz"]
[Black "Ciemniak, Krzysztof"]
[Result "1/2-1/2"]
[WhiteElo "1951"]
[BlackElo "1982"]
[PlyCount "77"]
[EventDate "2012.11.04"]
[EventType "team-tourn"]
[EventRounds "11"]
[EventCountry "POL"]
[SourceTitle "EXT 2015"]
[Source "ChessBase"]
[SourceDate "2014.11.20"]
[SourceVersion "1"]
[SourceVersionDate "2014.11.20"]
[SourceQuality "1"]
[WhiteTeam "Bydgoszcz UKS MDK nr 5"]
[BlackTeam "Bydgoszcz Wiartrak"]
[WhiteTeamCountry "POL"]
[BlackTeamCountry "POL"]

1. d4 Nf6 2. Nc3 d5 3. Bg5 Bf5 4. e3 h6 5. Bxf6 exf6 6. Qf3 Be6 7. Bd3 Nc6 8. Nge2 Qd7 9. e4 dxe4 10. Bxe4 f5 11. d5 fxe4 12. Qxe4 0-0-0 13. 0-0-0 Bf5 14. Qa4 Nb8 15. Nb5 Bc5 16. d6 cxd6 17. Rxd6 Bxd6 18. Nxa7+ Kc7 19. Nb5+ Kb6 20. Nec3 Be5 21. Qb4 Qd2+ 22. Kb1 Nc6 23. Na4+ Ka6 24. Nc5+ Kb6 25. Na4+ Ka6 26. Nc5+ Kb6 27. Na4+ Ka6 28. Nc5+ Kb6 29. Na4+ Ka6 30. Nc5+ Kb6 31. Na4+ Ka6 32. Nc7+ Ka7 33. Qc5+ Kb8 34. Na6+ bxa6 35. Qb6+ Kc8 36. Qxc6+ Kb8 37. Qb6+ Kc8 38. Qc6+ Kb8 39. Qb6+ 1/2-1/2

[Event "POL-chT3 Kujawsko Pomorskie 1011"]
[Site "Poland"]
[Date "2011.02.27"]
[Round "7.13"]
[White "Ciemniak, Krzysztof"]
[Black "Zwolakiewicz, Krzysztof"]
[Result "0-1"]
[WhiteElo "1982"]
[BlackElo "2095"]
[PlyCount "50"]
[EventDate "2010.11.07"]
[EventType "team-tourn"]
[EventRounds "11"]
[EventCountry "POL"]
[SourceTitle "EXT 2019"]
[Source "ChessBase"]
[SourceDate "2018.10.10"]
[SourceVersion "1"]
[SourceVersionDate "2018.10.10"]
[SourceQuality "1"]

1. e4 c5 2. Nc3 a6 3. f4 b5 4. Nf3 Bb7 5. d3 e6 6. g3 d5 7. e5 h5 8. Bg2 Nh6 9. 0-0 Nf5 10. Ne2 Be7 11. Qe1 Nc6 12. Qf2 Nb4 13. Ne1 Rc8 14. c3 Nc6 15. Nc2 g6 16. Ne3 Nh6 17. Bd2 h4 18. Rad1 hxg3 19. hxg3 d4 20. cxd4 cxd4 21. Nc2 Ng4 22. Qe1 Nb4 23. Nxb4 Bxg2 24. Kxg2 Bxb4 25. Ng1 Ne3+ 0-1

[Event "POL-chT4 Kujawsko Pomorskie 0910"]
[Site "Poland"]
[Date "2009.11.22"]
[Round "2.4"]
[White "Wesolowski, Waldemar"]
[Black "Ciemniak, Krzysztof"]
[Result "0-1"]
[WhiteElo "1637"]
[BlackElo "2002"]
[PlyCount "88"]
[EventDate "2009.11.08"]
[EventType "team-swiss"]
[EventRounds "11"]
[EventCountry "POL"]
[SourceTitle "EXT 2020"]
[Source "ChessBase"]
[SourceDate "2019.10.17"]
[SourceVersion "1"]
[SourceVersionDate "2019.10.17"]
[SourceQuality "1"]

1. e4 e5 2. Nc3 Nf6 3. f4 d5 4. exd5 Nxd5 5. Nxd5 Qxd5 6. fxe5 Qxe5+ 7. Qe2 Nc6 8. Nf3 Qxe2+ 9. Bxe2 Bf5 10. d3 0-0-0 11. Be3 Bb4+ 12. Kf2 Be7 13. a3 Bf6 14. Rab1 Rhe8 15. Bg5 Ne5 16. h3 Bxg5 17. Nxg5 f6 18. Nf3 Ng6 19. Rhe1 Nf4 20. Bf1 g5 21. Rxe8 Rxe8 22. Re1 Rxe1 23. Kxe1 h5 24. Nd4 Bd7 25. Kf2 Kd8 26. Ne2 Ng6 27. Ng3 h4 28. Ne4 Ke7 29. d4 Nf4 30. c3 Bc6 31. Nc5 f5 32. Nd3 Nh5 33. Be2 Ng3 34. Bf3 Ne4+ 35. Ke3 b6 36. Nf2 Nxf2 37. Bxc6 Nd1+ 38. Kd2 Nxb2 39. Bd5 b5 40. Kc2 Nc4 41. Kb3 Ne3 42. Bc6 g4 43. Kb4 Kd6 44. Kxb5 a6+ 0-1

[Event "POL-chT4 Kujawsko Pomorskie 0708"]
[Site "Poland"]
[Date "2007.12.16"]
[Round "4.7"]
[White "Ciemniak, Krzysztof"]
[Black "Janik, Tomasz"]
[Result "1/2-1/2"]
[WhiteElo "2079"]
[BlackElo "2082"]
[PlyCount "36"]
[EventDate "2007.11.04"]
[EventType "team-tourn"]
[EventRounds "11"]
[EventCountry "POL"]
[SourceTitle "EXT 2019"]
[Source "ChessBase"]
[SourceDate "2018.10.10"]
[SourceVersion "1"]
[SourceVersionDate "2018.10.10"]
[SourceQuality "1"]

1. d4 Nf6 2. c4 e5 3. dxe5 Ne4 4. Qd4 Bb4+ 5. Nd2 Nxd2 6. Bxd2 Nc6 7. Qf4 Qe7 8. Nf3 Bxd2+ 9. Qxd2 Nxe5 10. Nxe5 Qxe5 11. 0-0-0 d6 12. e4 0-0 13. Bd3 Be6 14. f4 Qc5 15. Qc2 Qe3+ 16. Qd2 Qc5 17. Qc2 Qe3+ 18. Qd2 Qc5 1/2-1/2

[Event "POL-chT Region 0607"]
[Site "Poland"]
[Date "2007.03.04"]
[Round "9"]
[White "Dahm, Mikolaj"]
[Black "Ciemniak, Krzysztof"]
[Result "1-0"]
[WhiteElo "2036"]
[BlackElo "2000"]
[PlyCount "127"]
[EventDate "2006.11.12"]
[EventType "team-tourn"]
[EventRounds "11"]
[EventCountry "POL"]
[SourceTitle "EXT 2008"]
[Source "ChessBase"]
[SourceDate "2007.11.25"]
[SourceVersion "1"]
[SourceVersionDate "2007.11.25"]
[SourceQuality "1"]

1. d4 Nf6 2. c4 g6 3. Nc3 Bg7 4. e4 0-0 5. f4 d6 6. Nf3 c5 7. d5 e6 8. Be2 exd5 9. exd5 Re8 10. 0-0 Ng4 11. h3 Ne3 12. Bxe3 Rxe3 13. Bd3 Na6 14. a3 Bd7 15. f5 Qa5 16. fxg6 fxg6 17. Qc2 Bxc3 18. bxc3 Qa4 19. Qb1 Be8 20. Ng5 Qd7 21. Qc2 Qe7 22. Ne6 Bd7 23. Nf4 Qg5 24. h4 Qxh4 25. Bxg6 Rf8 26. Ne6 Rxf1+ 27. Rxf1 Bxe6 28. dxe6 Re1 29. Bf7+ Kg7 30. Qf5 Rxf1+ 31. Qxf1 Nc7 32. Qd1 Qf4 33. Qd3 Qe5 34. Qf3 Nxe6 35. Bxe6 Qxe6 36. Qxb7+ Kg6 37. Qb1+ Qf5 38. Qd1 Qf4 39. Qd3+ Kg7 40. g3 Qe5 41. Kg2 h5 42. Qf3 Kg6 43. Qd3+ Kf6 44. Qh7 a5 45. Qh8+ Ke7 46. Qh7+ Ke6 47. Qg8+ Kd7 48. Qf7+ Kc6 49. Qf3+ Kb6 50. Kh3 Qg5 51. Qf4 Qg6 52. Kh4 Qe6 53. Qg5 Qe4+ 54. Kxh5 Qxc4 55. a4 Qxc3 56. Qf5 Qe5 57. Qxe5 dxe5 58. g4 Kc6 59. g5 Kd7 60. g6 Ke7 61. Kh6 e4 62. g7 Kf7 63. Kh7 e3 64. g8Q+ 1-0

[Event "Bydgoszcz op"]
[Site "Bydgoszcz"]
[Date "2006.09.17"]
[Round "4"]
[White "Ciemniak, Krzysztof"]
[Black "Tadych, Agnieszka"]
[Result "1/2-1/2"]
[WhiteElo "2000"]
[BlackElo "2037"]
[PlyCount "81"]
[EventDate "2006.09.15"]
[EventType "swiss"]
[EventRounds "9"]
[EventCountry "POL"]
[SourceTitle "EXT 2007"]
[Source "ChessBase"]
[SourceDate "2006.11.23"]
[SourceVersion "1"]
[SourceVersionDate "2006.11.23"]
[SourceQuality "1"]

1. e4 e5 2. Nf3 Nc6 3. Bb5 Bc5 4. c3 d6 5. d4 exd4 6. cxd4 Bb4+ 7. Nc3 Bd7 8. 0-0 Nge7 9. Bg5 f6 10. Be3 Bxc3 11. bxc3 0-0 12. Qb3+ Kh8 13. d5 Na5 14. Qa4 c6 15. dxc6 bxc6 16. Be2 c5 17. Qd1 Bc6 18. Qc2 Ng6 19. Rfd1 Qe7 20. Nd2 Rae8 21. Bd3 Ne5 22. Be2 Qd7 23. Nb3 Nxb3 24. axb3 Qb7 25. f3 f5 26. Rxd6 fxe4 27. f4 Nd3 28. g3 Qc7 29. Bxd3 exd3 30. Qxd3 Ba8 31. Re1 Qb7 32. Re2 Qh1+ 33. Kf2 Qxh2+ 34. Ke1 Qxg3+ 35. Kd2 Be4 36. Qc4 Bf3 37. Re1 Rxe3 38. Rxe3 Qf2+ 39. Kd3 Qf1+ 40. Kc2 Qf2+ 41. Kd3 1/2-1/2

[Event "Bydgoszcz op"]
[Site "Bydgoszcz"]
[Date "2006.09.17"]
[Round "5"]
[White "Szmidt, Przemyslaw"]
[Black "Ciemniak, Krzysztof"]
[Result "0-1"]
[WhiteElo "1934"]
[BlackElo "2000"]
[PlyCount "56"]
[EventDate "2006.09.15"]
[EventType "swiss"]
[EventRounds "9"]
[EventCountry "POL"]
[SourceTitle "EXT 2007"]
[Source "ChessBase"]
[SourceDate "2006.11.23"]
[SourceVersion "1"]
[SourceVersionDate "2006.11.23"]
[SourceQuality "1"]

1. e4 e5 2. Nf3 Nc6 3. Bb5 a6 4. Bxc6 dxc6 5. 0-0 Bd6 6. d4 exd4 7. Qxd4 f6 8. Re1 Ne7 9. e5 fxe5 10. Nxe5 Be6 11. Bg5 0-0 12. Nc3 Rf5 13. Qh4 Qe8 14. Bxe7 Bxe5 15. Bg5 h6 16. Bd2 Rh5 17. Qe4 Bxh2+ 18. Kf1 Re5 19. Qh4 Rxe1+ 20. Rxe1 Bd6 21. Ne4 Qg6 22. Nxd6 cxd6 23. Qe7 Bc4+ 24. Kg1 Bd5 25. g3 Qh5 26. Qh4 Qf3 27. Qh2 Rf8 28. Bc3 Rf5 0-1